Về áp dụng các tiêu chuẩn xử lý tài liệu ở thư viện đại học hướng tới xây dựng thư viện số /

में बचाया:
ग्रंथसूची विवरण
मुख्य लेखक: Nguyễn Văn Hành.
स्वरूप: लेख
भाषा:Vietnamese
विषय:
टैग : टैग जोड़ें
कोई टैग नहीं, इस रिकॉर्ड को टैग करने वाले पहले व्यक्ति बनें!
Thư viện lưu trữ: Thư viện Trường Đại học Đà Lạt
LEADER 00786nam a2200241 4500
001 DLU190190900
005 ##20190507
040 # # |a DLU  |b vie 
041 # # |a vie 
044 # # |a vn 
100 # # |a Nguyễn Văn Hành. 
245 # # |a Về áp dụng các tiêu chuẩn xử lý tài liệu ở thư viện đại học hướng tới xây dựng thư viện số /  |c Nguyễn Văn Hành. 
653 # # |a Thư viện số 
653 # # |a Xử lí tài liệu 
773 # # |t Thông tin và Tư liệu  |g Số 5, 2017, tr. 42-48 
920 # # |a Phòng Tạp chí -- Trung tâm Thông tin - Thư viện Trường Đại học Đà Lạt 
900 # # |a True 
911 # # |a Nguyễn Thị Thu Phương 
925 # # |a G 
926 # # |a A 
927 # # |a BB 
980 # # |a Thư viện Trường Đại học Đà Lạt